Statistics for Top 10 NBA 3 Points Made Per Decade

Click here to take the quiz!

General Stats

  • This quiz has been taken 30 times
  • The average score is 18 of 41

Answer Stats

Decade Player 3PM % Correct
2010sStephen Curry2 483
100%
2010sJames Harden2 025
97%
2000sRay Allen1 974
93%
2010sKlay Thompson1 798
90%
2010sKevin Durant1 414
87%
1990sReggie Miller1 543
83%
2000sMike Miller1 173
83%
2010sKyle Korver1 514
83%
1980sLarry Bird455
80%
2000sPaul Pierce1 274
80%
2000sSteve Nash1 207
70%
2010sDamian Lillard1 506
63%
2000sVince Carter1 173
60%
2000sPeja Stojaković1 514
57%
1990sTim Hardaway1 125
53%
2010sJ.J. Redick1 582
50%
1990sGlen Rice1 269
47%
2010sKyle Lowry1 468
40%
2000sRashard Lewis1 418
40%
2000sChauncey Billups1 240
40%
1990sMitch Richmond1 137
40%
2010sPaul George1 433
37%
1990sDale Ellis1 210
37%
2000sAntoine Walker1 178
37%
2000sJason Terry1 387
33%
1990sDan Majerle1 087
30%
1990sDennis Scott1 143
27%
1980sCraig Hodges396
23%
2000sMike Bibby1 196
20%
1990sMookie Blaylock1 094
20%
1990sVernon Maxwell1 123
17%
1980sDanny Ainge406
17%
1980sMichael Cooper378
13%
2010sWesley Matthews1 555
13%
1990sHersey Hawkins1 083
10%
1980sTrent Tucker345
10%
1980sDarrell Griffith402
7%
1980sMichael Adams333
7%
1980sSleepy Floyd295
3%
1980sMike McGee298
0%

Score Distribution

Percentile by Number Answered

Percent of People with Each Score

Your Score History

You have not taken this quiz